| 000 | 01127nam a2200241Ia 4500 | ||
|---|---|---|---|
| 999 |
_c36274 _d36274 |
||
| 001 | 2181 | ||
| 003 | GE_BSU | ||
| 005 | 20190508205551.0 | ||
| 008 | 181216s||||||||xx |||||||||||||| ||und|| | ||
| 020 | _a9992896993 | ||
| 040 | _cGE_BSU | ||
| 041 | _ageo | ||
| 080 | _a340.1 გ–61 | ||
| 100 |
_aგოგოლიშვილი, ოთარ _9930 |
||
| 245 |
_aსაქართველოს სახელმწიფოსა და სამართლის ისტორია : _bმოკლე სალექციო კურსი / _cოთარ გოგოლიშვილი, ბესიკ ბერიძე ; რედ. ნუგზარ ფუტკარაძე |
||
| 264 |
_aბათუმი : _bბათუმის უნ–ტი, _c2003. |
||
| 300 |
_a186 გვ. _b19 სმ. |
||
| 653 | _aსამართალი | ||
| 653 | _aსამართლის ისტორია | ||
| 700 |
_aბერიძე, ბესიკ _eავტორი _9931 |
||
| 700 |
_aფუტკარაძე, ნუგზარ _eრედაქტორი _9249 |
||
| 942 |
_cBK _2udc |
||